000 00536cam a2200193 a 4500
020 _a0070358745 (acidfree paper)
040 _cDLC
082 0 0 _a781 MCG 1995 A085 Or.
100 1 _aKostka, Stefan M.
245 1 0 _aTonal harmony, with an introduction to twentieth-century music /
250 _a3rd ed.
260 _aNew York :
_bMcGraw-Hill,
_cc1995.
300 _axxii, 666 p. :
_bill. ;
_c25 cm.
500 _aIncludes indexes.
650 0 _aHarmony.
700 1 _aPayne, Dorothy.
700 1 _aSchindler, Allan.
942 _cEK
999 _c11888
_d11888